00977nam a2200229Ia 4500001000700000008004100007020002200048082001400070100003000084245014700114260003700261300001000298440002000308503013900328504002600467650004300493650003800536650004200574650005300616650004000669700003800709Z_6275220601s9999 xx 000 0 und d a978-958-97181-0-0 a631.2 D871 aDurán Ramírez, Felipe aManual de construcciones pecuarias: explotación pisicola, plans y corrales / Felipe Durán Ramírez; fotografía Eduardo Durán Naranjo aColombia : Grupo Latino Editores a88 p. aGranja integral aej.1: reposición del título vacuno de leche de alta producción: sus alojamientos e instalaciones, Buxade Carbo Carlos (adq.5819) aBibliografía: p. 88 a1. Alojamiento de animales - Manuales  aAlojamiento de ganado - Manuales  aEstructuras e instalaciones agrarias  aCorrales - Diseño y construcción - Manuales  aEstanques de acuicultura - Manuales aDurán Naranjo, Eduardo, fot.Ì